History Quiz

Random History or Famous Quiz

12 Historical Dictators by Picture Quiz Stats

 Plays Quiz Updated Jul 13, 2015

Also try: Tea or Tyrant?
Challenge
Share
Tweet
Score 0/12 Timer 02:00
6 Plays Today
Number Dictator % Correct
Adolf Hitler (Germany)
98.2%
Joseph Stalin (Soviet Union)
95.9%
Fidel Castro (Cuba)
91.5%
Mao Zedong (China)
88.2%
Saddam Hussein (Iraq)
82.2%
Benito Mussolini (Italy)
79.8%
Kim Il Sung (North Korea)
65.7%
Francisco Franco (Spain)
47.8%
Pol Pot (Cambodia)
41.5%
Augusto Pinochet (Chile)
32.4%
Josip Broz Tito (Yugoslavia)
31.7%
Francois Duvalier (Haiti)
20.5%

You're not logged in!

Compare scores with friends on all Sporcle quizzes.
Join for Free
OR
Log In

You Might Also Like...

Show Comments

Extras

Top Quizzes Today


Score Distribution

Your Account Isn't Verified!

In order to create a playlist on Sporcle, you need to verify the email address you used during registration. Go to your Sporcle Settings to finish the process.

Report this User

Report this user for behavior that violates our Community Guidelines.

Details: